[Event "NB II. Toth Laszlo csoport"]
[Site "Mako"]
[Date "2024.04.21"]
[Round "8.2"]
[White "Kecskemeti, Arpad"]
[Black "Koszta, Benedek"]
[Result "1-0"]
[WhiteElo "2225"]
[BlackElo "2113"]
[PlyCount "145"]
[EventDate "2023.10.08"]
[EventType "team-tourn"]
[EventRounds "9"]
[EventCountry "HUN"]
[Source "chess.hu"]
[WhiteTeam "Duocor-Makoi SVSE II"]
[BlackTeam "Maroczy SE II."]
[WhiteTeamCountry "HUN"]
[BlackTeamCountry "HUN"]

1. e4 c5 2. Nf3 d6 3. d4 cxd4 4. Nxd4 Nf6 5. Nc3 a6 6. Be3 e5 7. Nb3 Be6 8. h3
Be7 9. f4 Nc6 10. f5 Bxb3 11. axb3 Nb4 12. Bc4 b5 13. Bd5 Rb8 14. O-O O-O 15.
Qd2 a5 16. Rfd1 Qc7 17. Qf2 Bd8 18. Ba7 Rc8 19. Nxb5 Qxc2 20. Nxd6 Qxf2+ 21.
Bxf2 Rb8 22. Bc4 Be7 23. Nb5 Nxe4 24. Rxa5 Nxf2 25. Kxf2 Bc5+ 26. Kf3 Nc6 27.
Ra6 Nb4 28. Ra5 Nc6 29. Ra6 Nb4 30. Ra4 Rfd8 31. Rxd8+ Rxd8 32. Nc3 Nc6 33. Bd5
Ne7 34. Ke4 Bd4 35. Ra8 Rxa8 36. Bxa8 Kf8 37. b4 g6 38. g4 gxf5+ 39. gxf5 Nc8
40. f6 Nd6+ 41. Kd3 Ne8 42. Ne4 Bxb2 43. Bc6 Bd4 44. Kc4 Nc7 45. Bd7 h6 46. b5
Bb6 47. Nd6 Bf2 48. Nc8 Nxb5 49. Bxb5 Bh4 50. Kd5 Bxf6 51. Ke4 Bg5 52. Kxe5 f6+
53. Kf5 Kg7 54. Be8 Bd2 55. Bh5 Bb4 56. Nb6 Bc3 57. Nd5 Be5 58. Ke6 Bb2 59. Ne3
Bc3 60. Nf5+ Kh7 61. Kf7 Bd2 62. Ng7 Bc1 63. Bg6+ Kh8 64. Bf5 Bd2 65. Kg6 Bc1
66. Be6 Bd2 67. Nf5 Bf4 68. Bd5 Be5 69. Nxh6 Bc3 70. h4 Be1 71. h5 Bh4 72. Nf7+
Kg8 73. h6 1-0

[Event "NB II. Toth Laszlo csoport"]
[Site "Mako"]
[Date "2024.04.21"]
[Round "8.3"]
[White "Megyaszai, Balazs"]
[Black "Restas, Peter"]
[Result "1/2-1/2"]
[WhiteElo "2044"]
[BlackElo "2033"]
[PlyCount "65"]
[EventDate "2023.10.08"]
[EventType "team-tourn"]
[EventRounds "9"]
[EventCountry "HUN"]
[Source "chess.hu"]
[WhiteTeam "Maroczy SE II."]
[BlackTeam "Duocor-Makoi SVSE II"]
[WhiteTeamCountry "HUN"]
[BlackTeamCountry "HUN"]

1. e4 c5 2. Nf3 d6 3. d4 cxd4 4. Nxd4 Nf6 5. Nc3 a6 6. Bc4 e6 7. Bb3 b5 8. O-O
Be7 9. a3 O-O 10. f4 Bb7 11. Qf3 Nbd7 12. f5 e5 13. Nde2 Rc8 14. Bg5 a5 15.
Rad1 b4 16. axb4 axb4 17. Bxf6 Nxf6 18. Nd5 Bxd5 19. exd5 Qb6+ 20. Kh1 h5 21.
Ng3 g6 22. h3 Kg7 23. Ne4 Nxe4 24. Qxe4 g5 25. f6+ Bxf6 26. Bc4 Rh8 27. Qf5 Qd8
28. Bd3 Rc7 29. Rf2 e4 30. Qxe4 Bxb2 31. Rdf1 Rh6 32. Qxb4 Be5 33. Qe4 1/2-1/2

[Event "NB II. Toth Laszlo csoport"]
[Site "Mako"]
[Date "2024.04.21"]
[Round "8.4"]
[White "Csikos, Mihaly"]
[Black "Kevei, Peter"]
[Result "0-1"]
[WhiteElo "2055"]
[BlackElo "2130"]
[PlyCount "74"]
[EventDate "2023.10.08"]
[EventType "team-tourn"]
[EventRounds "9"]
[EventCountry "HUN"]
[Source "chess.hu"]
[WhiteTeam "Duocor-Makoi SVSE II"]
[BlackTeam "Maroczy SE II."]
[WhiteTeamCountry "HUN"]
[BlackTeamCountry "HUN"]

1. d4 Nf6 2. Nf3 g6 3. e3 Bg7 4. b3 d6 5. Bd3 e5 6. dxe5 dxe5 7. e4 O-O 8. Bb2
Nh5 9. O-O Nf4 10. Na3 Nc6 11. Bc4 Qf6 12. Nb5 Rd8 13. Bd5 Bg4 14. Re1 a6 15.
Na3 Nh3+ 16. Kf1 Ng5 17. Re3 Nd4 18. Bxd4 exd4 19. Rd3 Bxf3 20. gxf3 c6 21. e5
Qxe5 22. f4 Qxd5 23. fxg5 Qh1+ 24. Ke2 Qxh2 25. Qg1 Re8+ 26. Kf1 Qe5 27. Rc1 b5
28. Nb1 Qe2+ 29. Kg2 Re5 30. Rg3 Rae8 31. Qd1 Bf8 32. Nd2 Ba3 33. Rb1 Rf5 34.
Nf3 Bd6 35. Qxe2 Rxe2 36. Nxd4 Rfxf2+ 37. Kg1 Bxg3 0-1

[Event "NB II. Toth Laszlo csoport"]
[Site "Mako"]
[Date "2024.04.21"]
[Round "8.5"]
[White "Papp, Balazs"]
[Black "Diamant, Tibor"]
[Result "1-0"]
[WhiteElo "2027"]
[BlackElo "1945"]
[PlyCount "65"]
[EventDate "2023.10.08"]
[EventType "team-tourn"]
[EventRounds "9"]
[EventCountry "HUN"]
[Source "chess.hu"]
[WhiteTeam "Maroczy SE II."]
[BlackTeam "Duocor-Makoi SVSE II"]
[WhiteTeamCountry "HUN"]
[BlackTeamCountry "HUN"]

1. c4 Nf6 2. Nf3 e6 3. Nc3 b6 4. a3 Bb7 5. d4 d6 6. d5 e5 7. e4 a5 8. Be3 Nbd7
9. Bd3 Be7 10. h3 O-O 11. g4 h6 12. Bc2 Nh7 13. h4 Re8 14. Ba4 Rf8 15. Bc2 Kh8
16. Qe2 Rg8 17. g5 h5 18. Nd2 g6 19. O-O-O f6 20. f4 exf4 21. Bd4 Ne5 22. Qf2
fxg5 23. Nf3 g4 24. Nxe5 dxe5 25. Bxe5+ Bf6 26. Qxf4 Rc8 27. Rhf1 Kg7 28. Bxf6+
Qxf6 29. Qg3 Qe7 30. e5 c6 31. Qd3 Kh8 32. e6 cxd5 33. Rf7 1-0

[Event "NB II. Toth Laszlo csoport"]
[Site "Mako"]
[Date "2024.04.21"]
[Round "8.6"]
[White "Kovacs, Arthur Dr"]
[Black "Linczer, Janos"]
[Result "1/2-1/2"]
[WhiteElo "1949"]
[BlackElo "2083"]
[PlyCount "64"]
[EventDate "2023.10.08"]
[EventType "team-tourn"]
[EventRounds "9"]
[EventCountry "HUN"]
[Source "chess.hu"]
[WhiteTeam "Duocor-Makoi SVSE II"]
[BlackTeam "Maroczy SE II."]
[WhiteTeamCountry "HUN"]
[BlackTeamCountry "HUN"]

1. d4 d5 2. Nf3 Nf6 3. c4 e6 4. Nc3 Be7 5. cxd5 exd5 6. Bg5 O-O 7. Qc2 Bg4 8.
Ne5 Bh5 9. e3 c6 10. Bd3 h6 11. Bh4 Nbd7 12. Nxd7 Nxd7 13. Bg3 Bg4 14. Bh7+ Kh8
15. Bf5 Nf6 16. Bxg4 Nxg4 17. O-O Bd6 18. Qf5 Nf6 19. Rab1 a5 20. a3 a4 21. Bh4
Be7 22. Qc2 b5 23. Bxf6 gxf6 24. Ne2 Qd7 25. Ng3 Rg8 26. Rbc1 Rac8 27. Qf5 Qe6
28. Rc2 Rc7 29. Rfc1 Rgc8 30. Qh5 Bf8 31. Qf5 Be7 32. Qh5 Bf8 1/2-1/2

[Event "NB II. Toth Laszlo csoport"]
[Site "Mako"]
[Date "2024.04.21"]
[Round "8.7"]
[White "Borus, Andras"]
[Black "Balassy, Gabor"]
[Result "1/2-1/2"]
[WhiteElo "1975"]
[BlackElo "1920"]
[PlyCount "23"]
[EventDate "2023.10.08"]
[EventType "team-tourn"]
[EventRounds "9"]
[EventCountry "HUN"]
[Source "chess.hu"]
[WhiteTeam "Maroczy SE II."]
[BlackTeam "Duocor-Makoi SVSE II"]
[WhiteTeamCountry "HUN"]
[BlackTeamCountry "HUN"]

1. e4 c6 2. d3 d5 3. Nd2 e5 4. Ngf3 Bd6 5. d4 exd4 6. Nxd4 Qe7 7. Qe2 Nf6 8.
Nf5 Bxf5 9. exf5 Qxe2+ 10. Bxe2 Nbd7 11. O-O O-O-O 12. Nb3 1/2-1/2

[Event "NB II. Toth Laszlo csoport"]
[Site "Mako"]
[Date "2024.04.21"]
[Round "8.8"]
[White "Nagy Dani, Karoly"]
[Black "Bernath, Robert"]
[Result "0-1"]
[WhiteElo "1900"]
[BlackElo "1918"]
[PlyCount "54"]
[EventDate "2023.10.08"]
[EventType "team-tourn"]
[EventRounds "9"]
[EventCountry "HUN"]
[Source "chess.hu"]
[WhiteTeam "Duocor-Makoi SVSE II"]
[BlackTeam "Maroczy SE II."]
[WhiteTeamCountry "HUN"]
[BlackTeamCountry "HUN"]

1. d4 Nf6 2. Nc3 d5 3. Bf4 g6 4. e3 Bg7 5. Nb5 Na6 6. Nf3 Bg4 7. Be2 Bxf3 8.
Bxf3 c6 9. Nc3 Nb8 10. Qd2 Nbd7 11. g4 h6 12. h4 b5 13. a3 a5 14. e4 b4 15.
Nxd5 cxd5 16. exd5 Nb6 17. d6 Nfd5 18. Bg3 O-O 19. O-O exd6 20. axb4 axb4 21.
Rxa8 Qxa8 22. Bxd6 Nc4 23. Qxb4 Nxb4 24. Bxa8 Nxd6 25. Bf3 Nxc2 26. Rc1 Nxd4
27. Bd1 Rb8 0-1

[Event "NB II. Toth Laszlo csoport"]
[Site "Mako"]
[Date "2024.04.21"]
[Round "8.9"]
[White "Tornyai, Jeno"]
[Black "Gyori, Gabor"]
[Result "0-1"]
[WhiteElo "1858"]
[BlackElo "1944"]
[PlyCount "84"]
[EventDate "2023.10.08"]
[EventType "team-tourn"]
[EventRounds "9"]
[EventCountry "HUN"]
[Source "chess.hu"]
[WhiteTeam "Maroczy SE II."]
[BlackTeam "Duocor-Makoi SVSE II"]
[WhiteTeamCountry "HUN"]
[BlackTeamCountry "HUN"]

1. d4 d5 2. Nc3 Nf6 3. Bg5 h6 4. Bxf6 exf6 5. e3 c6 6. Qf3 f5 7. Bd3 g6 8. Nge2
Bd6 9. O-O-O Nd7 10. h3 Nf6 11. g3 h5 12. Qg2 Qe7 13. Rde1 Bd7 14. Nd1 b5 15.
f3 O-O-O 16. Nec3 Rhe8 17. e4 fxe4 18. fxe4 Nxe4 19. Nxe4 dxe4 20. Bxe4 Qg5+
21. Kb1 Qxg3 22. Qd2 Bc7 23. d5 c5 24. d6 Qxd6 25. Qg2 Qg3 26. Qf1 f5 27. Re3
Qf4 28. Bxf5 Qxf5 29. Rf3 Qe5 30. a4 Bc6 31. Ra3 Bxh1 32. Qxh1 Qd5 33. Qxd5
Rxd5 34. Nc3 Re1+ 35. Ka2 b4 36. Rb3 bxc3 37. h4 cxb2 38. Rxb2 Rd4 39. c4 Rxh4
40. a5 Rxc4 41. a6 Ra4+ 42. Kb3 Rb4+ 0-1

[Event "NB II. Toth Laszlo csoport"]
[Site "Mako"]
[Date "2024.04.21"]
[Round "8.10"]
[White "Kopias, Ferenc"]
[Black "Szamko, Hanna"]
[Result "0-1"]
[WhiteElo "1782"]
[BlackElo "1817"]
[PlyCount "78"]
[EventDate "2023.10.08"]
[EventType "team-tourn"]
[EventRounds "9"]
[EventCountry "HUN"]
[Source "chess.hu"]
[WhiteTeam "Duocor-Makoi SVSE II"]
[BlackTeam "Maroczy SE II."]
[WhiteTeamCountry "HUN"]
[BlackTeamCountry "HUN"]

1. Nf3 d5 2. g3 Nf6 3. Bg2 c6 4. b3 Bf5 5. Bb2 Nbd7 6. d3 Qc7 7. Nbd2 e5 8. O-O
Bd6 9. c4 d4 10. a3 a5 11. Ng5 O-O 12. Nge4 Nxe4 13. Nxe4 Be7 14. Qd2 Bxe4 15.
dxe4 Nc5 16. Qc2 Qb6 17. Rab1 Qxb3 18. Qc1 Qa4 19. f4 f6 20. f5 b5 21. cxb5
cxb5 22. g4 Qc4 23. Qe1 Na4 24. Rf3 Nxb2 25. Rxb2 b4 26. axb4 Bxb4 27. Qb1 Rac8
28. Bf1 Rfd8 29. h4 Bc3 30. Rb7 Rc7 31. Rxc7 Qxc7 32. g5 Rb8 33. Qd3 Qc6 34.
Rg3 Kf8 35. Rg4 Bb2 36. h5 fxg5 37. Rxg5 Qh6 38. Qg3 Bc1 39. Rg4 Qe3+ 0-1

[Event "NB II. Toth Laszlo csoport"]
[Site "Mako"]
[Date "2024.04.21"]
[Round "8.11"]
[White "Korosi, Zsombor"]
[Black "Gyori, Balint"]
[Result "1-0"]
[WhiteElo "1783"]
[BlackElo "1732"]
[PlyCount "81"]
[EventDate "2023.10.08"]
[EventType "team-tourn"]
[EventRounds "9"]
[EventCountry "HUN"]
[Source "chess.hu"]
[WhiteTeam "Maroczy SE II."]
[BlackTeam "Duocor-Makoi SVSE II"]
[WhiteTeamCountry "HUN"]
[BlackTeamCountry "HUN"]

1. e4 e5 2. Nf3 Nc6 3. d4 exd4 4. Nxd4 Nf6 5. Nxc6 bxc6 6. Bd3 Bb4+ 7. c3 Ba5
8. O-O O-O 9. Bg5 h6 10. Bh4 g5 11. Bg3 Bb6 12. e5 Nd5 13. Qh5 Kg7 14. h4 Bc5
15. e6 Qf6 16. exd7 Bxd7 17. hxg5 Qxg5 18. Qxg5+ hxg5 19. Nd2 Bd6 20. Ne4 Bxg3
21. Nxg3 Rab8 22. Rab1 Nf4 23. Bc4 Nd5 24. Bb3 Rfe8 25. Rfe1 f5 26. Ne2 Re4 27.
Nd4 Rbe8 28. Rxe4 Rxe4 29. Rd1 Nf6 30. Bc2 Re5 31. Kf1 c5 32. Nf3 Bb5+ 33. Kg1
Re2 34. Bxf5 Rxb2 35. Nxg5 Kh6 36. Ne6 Bd7 37. g4 Bxe6 38. Bxe6 Rc2 39. f4 Kg6
40. Bf5+ Kg7 41. Bxc2 1-0

[Event "NB II. Toth Laszlo csoport"]
[Site "Mako"]
[Date "2024.04.21"]
[Round "8.12"]
[White "Kralik, Attila"]
[Black "Bara, Laszlo"]
[Result "1/2-1/2"]
[WhiteElo "1746"]
[BlackElo "1776"]
[PlyCount "115"]
[EventDate "2023.10.08"]
[EventType "team-tourn"]
[EventRounds "9"]
[EventCountry "HUN"]
[Source "chess.hu"]
[WhiteTeam "Duocor-Makoi SVSE II"]
[BlackTeam "Maroczy SE II."]
[WhiteTeamCountry "HUN"]
[BlackTeamCountry "HUN"]

1. Nf3 c5 2. g3 g6 3. Bg2 Bg7 4. d3 d6 5. Nc3 Nf6 6. Bg5 O-O 7. Qd2 Re8 8. Bh6
Bh8 9. h4 Nc6 10. h5 Nd4 11. hxg6 hxg6 12. Nxd4 cxd4 13. Nd5 Nxd5 14. Bxd5 e6
15. Bg2 Bd7 16. Bf8 Bg7 17. Bxg7 Kxg7 18. Qh6+ Kf6 19. Qf4+ Kg7 20. Qxd6 Bc6
21. Qxd8 Rexd8 22. Bxc6 bxc6 23. Rh4 c5 24. Kd2 Rab8 25. b3 a5 26. a4 Rh8 27.
Rah1 Rxh4 28. Rxh4 Rd8 29. e3 e5 30. exd4 cxd4 31. Re4 Rd5 32. c4 Rc5 33. f4 f6
34. fxe5 fxe5 35. Kc2 g5 36. b4 axb4 37. Kb3 Kf6 38. Kxb4 Rc8 39. c5 Ke6 40. a5
Rb8+ 41. Kc4 Ra8 42. Kb5 Rb8+ 43. Kc4 Ra8 44. Re1 Rxa5 45. Kb4 Ra8 46. c6 Kd6
47. Rc1 Rb8+ 48. Ka5 Kc7 49. Rc5 Rb3 50. Rxe5 Kxc6 51. Rxg5 Rxd3 52. Kb4 Rc3
53. g4 Rc1 54. Rg8 Kd5 55. g5 d3 56. g6 Rg1 57. g7 Ke6 58. Rd8 1/2-1/2

[Event "NB II. Toth Laszlo csoport"]
[Site "Kecskemet"]
[Date "2024.04.21"]
[Round "8.1"]
[White "Tamas, Kornel"]
[Black "Csvila, Gabor"]
[Result "1-0"]
[WhiteElo "1994"]
[BlackElo "2157"]
[PlyCount "63"]
[EventDate "2023.10.08"]
[EventType "team-tourn"]
[EventRounds "9"]
[EventCountry "HUN"]
[Source "chess.hu"]
[WhiteTeam "Gyulai SE"]
[BlackTeam "Neumann J. Egyetem"]
[WhiteTeamCountry "HUN"]
[BlackTeamCountry "HUN"]

1. d4 Nf6 2. c4 g6 3. Nc3 Bg7 4. Nf3 O-O 5. g3 d6 6. Bg2 Nc6 7. O-O a6 8. h3
Rb8 9. Qc2 Nd7 10. Rd1 e5 11. dxe5 Ndxe5 12. Nxe5 Nxe5 13. b3 Bf5 14. e4 Be6
15. Bb2 b5 16. cxb5 axb5 17. f4 Nc6 18. e5 Nb4 19. Qe2 Qc8 20. exd6 cxd6 21.
Ne4 Bxh3 22. Bxg7 Kxg7 23. Rac1 Qf5 24. Qb2+ f6 25. Rc7+ Kg8 26. Rxd6 Bxg2 27.
Rxf6 Rfc8 28. Rg7+ Kxg7 29. Rxf5+ Kh6 30. Rh5+ Kxh5 31. Qf6 Rc1+ 32. Kxg2 1-0

[Event "NB II. Toth Laszlo csoport"]
[Site "Kecskemet"]
[Date "2024.04.21"]
[Round "8.2"]
[White "Abel, Lajos"]
[Black "Gombos, Janos"]
[Result "1/2-1/2"]
[WhiteElo "2185"]
[BlackElo "1980"]
[PlyCount "101"]
[EventDate "2023.10.08"]
[EventType "team-tourn"]
[EventRounds "9"]
[EventCountry "HUN"]
[Source "chess.hu"]
[WhiteTeam "Neumann J. Egyetem"]
[BlackTeam "Gyulai SE"]
[WhiteTeamCountry "HUN"]
[BlackTeamCountry "HUN"]

1. d4 Nf6 2. Nf3 d5 3. Bf4 Bf5 4. e3 e6 5. Ne5 Bd6 6. Be2 O-O 7. g4 Bg6 8. h4
h6 9. Nd2 Nfd7 10. c4 Nxe5 11. dxe5 Be7 12. cxd5 Qxd5 13. Bf3 Qb5 14. a4 Qxb2
15. Qc1 Qxc1+ 16. Rxc1 c6 17. Ne4 Na6 18. h5 Bxe4 19. Bxe4 Nc5 20. Bc2 Rad8 21.
Ke2 Rd7 22. Rhd1 Rxd1 23. Rxd1 Rd8 24. Rb1 b6 25. Bg3 Nb7 26. f4 Na5 27. Be1
Nc4 28. Bd3 Na5 29. Bxa5 bxa5 30. Rb7 Bc5 31. Rc7 Bb6 32. Rxc6 Kf8 33. f5 exf5
34. gxf5 Re8 35. e6 fxe6 36. fxe6 Re7 37. Kf3 Rc7 38. Rxc7 Bxc7 39. Kg4 Bb6 40.
e4 Ke7 41. Kf5 Be3 42. Bc4 Bd4 43. e5 Be3 44. Kg6 Bg5 45. Kxg7 Bd2 46. Kg6 Be3
47. Kf5 Bd2 48. Ke4 Bb4 49. Kd5 Bd2 50. Kc6 Bc3 51. Kb5 1/2-1/2

[Event "NB II. Toth Laszlo csoport"]
[Site "Kecskemet"]
[Date "2024.04.21"]
[Round "8.3"]
[White "Vereczkei, Laszlo Dr"]
[Black "Panda, Barnabas"]
[Result "1-0"]
[WhiteElo "1924"]
[BlackElo "2095"]
[PlyCount "135"]
[EventDate "2023.10.08"]
[EventType "team-tourn"]
[EventRounds "9"]
[EventCountry "HUN"]
[Source "chess.hu"]
[WhiteTeam "Gyulai SE"]
[BlackTeam "Neumann J. Egyetem"]
[WhiteTeamCountry "HUN"]
[BlackTeamCountry "HUN"]

1. e4 c5 2. Nf3 e6 3. d4 cxd4 4. Nxd4 a6 5. c4 Nf6 6. Nc3 Bb4 7. Qc2 Qc7 8. Bd2
Bc5 9. Nb3 Ba7 10. Be2 d6 11. Bf4 e5 12. Bg5 Nbd7 13. Qd2 h6 14. Be3 Bxe3 15.
Qxe3 Nc5 16. Nxc5 Qxc5 17. Qxc5 dxc5 18. Nd5 Nxd5 19. cxd5 Ke7 20. O-O Kd6 21.
f4 exf4 22. Rxf4 f6 23. Bh5 Bd7 24. h4 b5 25. Bg6 Rac8 26. Rc1 c4 27. Kf2 Rc5
28. Ke3 Rhc8 29. Kd4 b4 30. g4 c3 31. b3 c2 32. g5 hxg5 33. hxg5 Ke7 34. gxf6+
gxf6 35. Rh4 Kd6 36. Rh7 Bb5 37. Rf7 Rc3 38. Rxf6+ Kc7 39. e5 Rh8 40. d6+ Kd8
41. e6 Rh4+ 42. Be4 Rd3+ 43. Ke5 Rxe4+ 44. Kxe4 Rxd6 45. e7+ Kxe7 46. Rxd6 Kxd6
47. Rxc2 Be8 48. Kd4 Bb5 49. Rh2 a5 50. Rh6+ Kc7 51. Rg6 Be2 52. Kc5 Kb7 53.
Rb6+ Ka7 54. Rd6 Kb7 55. Rd2 Bf1 56. Rf2 Bd3 57. Rf6 Ka7 58. Rd6 Be2 59. Kc6
Ka6 60. Rd8 Ka7 61. Kc5 Bf1 62. Rd2 Ka6 63. a3 bxa3 64. Ra2 Bb5 65. Rxa3 Be8
66. b4 a4 67. Re3 Bb5 68. Re7 1-0

[Event "NB II. Toth Laszlo csoport"]
[Site "Kecskemet"]
[Date "2024.04.21"]
[Round "8.5"]
[White "Banyai, Istvan"]
[Black "Andriska, Zsolt"]
[Result "1/2-1/2"]
[WhiteElo "1961"]
[BlackElo "2038"]
[PlyCount "214"]
[EventDate "2023.10.08"]
[EventType "team-tourn"]
[EventRounds "9"]
[EventCountry "HUN"]
[Source "chess.hu"]
[WhiteTeam "Gyulai SE"]
[BlackTeam "Neumann J. Egyetem"]
[WhiteTeamCountry "HUN"]
[BlackTeamCountry "HUN"]

1. d4 d5 2. Bf4 c6 3. c3 Bf5 4. e3 e6 5. Nf3 Nf6 6. Nbd2 Be7 7. Qb3 Qc8 8. Rc1
O-O 9. Be2 Nbd7 10. O-O Re8 11. h3 b5 12. a4 a6 13. axb5 cxb5 14. Ra1 Qc6 15.
Ra2 Bd6 16. Bxd6 Qxd6 17. Rfa1 Reb8 18. Ra5 Ne8 19. Ne5 Nc7 20. Nxd7 Qxd7 21.
Qb4 g5 22. Nb3 Rb6 23. Nc5 Qc8 24. Bf3 Rab8 25. Re1 Qd8 26. Rea1 Qc8 27. Re1 h6
28. Be2 Kg7 29. Bd3 Bxd3 30. Nxd3 Qd8 31. Rea1 Rc6 32. Qb3 Rbb6 33. Nb4 Rd6 34.
Qa2 g4 35. hxg4 Qg5 36. Nd3 Qxg4 37. Ne5 Qh5 38. b4 f6 39. Nd3 e5 40. Re1 Rbc6
41. Ra3 Qf5 42. Qd2 e4 43. Nc5 Ne6 44. Nxe6+ Qxe6 45. f4 f5 46. Kf2 Qc8 47. Rh1
Rg6 48. Rh3 Kh7 49. Rg3 Rxg3 50. Kxg3 Qg8+ 51. Kh2 Qg4 52. Ra1 Qh4+ 53. Kg1 Qg4
54. Rc1 h5 55. Qf2 Rg6 56. Kh2 h4 57. Ra1 Kh6 58. Re1 Qh5 59. Qe2 Rg4 60. Ra1
Qg6 61. Qf2 Qc6 62. Qa2 Rg6 63. Rc1 Kg7 64. Qe2 Kh6 65. Qf2 Kg7 66. Qe2 Rh6 67.
Kh3 Qg6 68. Qf2 Kf7 69. Kh2 Ke7 70. Ra1 Kd7 71. Rc1 Kc7 72. Ra1 Kb8 73. Rc1 Qc6
74. Qa2 Rh8 75. Qe2 Qg6 76. Qf2 Qg4 77. Ra1 Rh6 78. Rc1 Rc6 79. Qe1 Qg7 80. Qf2
Rg6 81. Ra1 Rc6 82. Rc1 Kb7 83. Qe1 Kb6 84. Qf2 Rg6 85. Ra1 Rd6 86. Rc1 Qe7 87.
Qa2 Kb7 88. Qe2 Qf7 89. Qf2 Qh5 90. Ra1 Rh6 91. Qa2 Qf7 92. Qf2 Qe7 93. Qa2 Qe6
94. Rc1 Rg6 95. Qe2 Rg4 96. Rc2 Qg6 97. Qf2 Rg3 98. Rc1 Qc6 99. Qe2 Kb6 100.
Rc2 Qh6 101. Qf2 Rg4 102. Rc1 Qd6 103. Ra1 Kb7 104. Rc1 Qc7 105. Qa2 Qc6 106.
Qe2 Qd6 107. Qf2 Kb6 1/2-1/2

[Event "NB II. Toth Laszlo csoport"]
[Site "Kecskemet"]
[Date "2024.04.21"]
[Round "8.6"]
[White "Lovas, Daniel Dr"]
[Black "Cretu, Sorin-Alexandru"]
[Result "1-0"]
[WhiteElo "2011"]
[BlackElo "1840"]
[PlyCount "73"]
[EventDate "2023.10.08"]
[EventType "team-tourn"]
[EventRounds "9"]
[EventCountry "HUN"]
[Source "chess.hu"]
[WhiteTeam "Neumann J. Egyetem"]
[BlackTeam "Gyulai SE"]
[WhiteTeamCountry "HUN"]
[BlackTeamCountry "HUN"]

1. c4 Nf6 2. Nf3 d5 3. cxd5 Nxd5 4. g3 Nd7 5. Bg2 c6 6. O-O e5 7. d3 Bd6 8. Nc3
O-O 9. Bd2 N7f6 10. Rc1 h6 11. a3 Re8 12. Ne1 Be6 13. h3 Qd7 14. Kh2 Nh7 15.
Ne4 f5 16. Nxd6 Qxd6 17. Nc2 f4 18. Nb4 Ne7 19. Qe1 Rac8 20. Bc3 Nf5 21. Nc2
Ng5 22. h4 Nh7 23. e4 Ne7 24. d4 exd4 25. Nxd4 Bc4 26. Rg1 c5 27. Ne2 Bxe2 28.
Qxe2 Ng6 29. Rcd1 Qe7 30. Bh3 Rcd8 31. Rxd8 Rxd8 32. h5 fxg3+ 33. Rxg3 Ne5 34.
f4 Nf6 35. Bxe5 Qf7 36. Rg6 Kh8 37. Bxf6 1-0

[Event "NB II. Toth Laszlo csoport"]
[Site "Kecskemet"]
[Date "2024.04.21"]
[Round "8.7"]
[White "Jako, Robert"]
[Black "Talmacsi, Jozsef"]
[Result "1/2-1/2"]
[WhiteElo "1861"]
[BlackElo "2001"]
[PlyCount "85"]
[EventDate "2023.10.08"]
[EventType "team-tourn"]
[EventRounds "9"]
[EventCountry "HUN"]
[Source "chess.hu"]
[WhiteTeam "Gyulai SE"]
[BlackTeam "Neumann J. Egyetem"]
[WhiteTeamCountry "HUN"]
[BlackTeamCountry "HUN"]

1. d4 d5 2. Nf3 Nf6 3. e3 e6 4. c4 a6 5. Nc3 Be7 6. Bd3 dxc4 7. Bxc4 b5 8. Bd3
Bb7 9. a3 O-O 10. b4 Nbd7 11. O-O Nb6 12. Re1 Nbd5 13. Nxd5 exd5 14. Qc2 h6 15.
Ne5 Bd6 16. f4 Ne4 17. Bb2 Qe8 18. Qe2 f6 19. Nf3 Qe7 20. Nh4 Rfe8 21. Nf5 Qf7
22. Bxe4 Rxe4 23. Nxd6 cxd6 24. Rac1 Rae8 25. Qf3 R8e7 26. Rc2 Qe8 27. Kf2 Kh7
28. Ree2 Qf7 29. Rc3 Rc7 30. Rec2 Ree7 31. Qe2 Rc4 32. h3 Qg6 33. Rc1 Qe4 34.
Qd3 Qxd3 35. Rxd3 Rec7 36. Rdc3 Kg6 37. g4 Bc8 38. Kf3 Bb7 39. f5+ Kf7 40. Kf4
Re7 41. R1c2 Rec7 42. h4 Re7 43. Kf3 1/2-1/2

[Event "NB II. Toth Laszlo csoport"]
[Site "Kecskemet"]
[Date "2024.04.21"]
[Round "8.8"]
[White "Kovacs, Gabor"]
[Black "Gurzo, Bence Bendeguz"]
[Result "1/2-1/2"]
[WhiteElo "1988"]
[BlackElo "1773"]
[PlyCount "110"]
[EventDate "2023.10.08"]
[EventType "team-tourn"]
[EventRounds "9"]
[EventCountry "HUN"]
[Source "chess.hu"]
[WhiteTeam "Neumann J. Egyetem"]
[BlackTeam "Gyulai SE"]
[WhiteTeamCountry "HUN"]
[BlackTeamCountry "HUN"]

1. e4 c6 2. d4 g6 3. c4 d5 4. Nc3 dxe4 5. Nxe4 Bg7 6. Be3 Nf6 7. Nxf6+ Bxf6 8.
Qd2 e5 9. Nf3 exd4 10. Nxd4 O-O 11. Be2 Re8 12. Rd1 Nd7 13. O-O Ne5 14. h3 Be6
15. b3 c5 16. Nxe6 Qxd2 17. Rxd2 Rxe6 18. Bxc5 Nc6 19. Bg4 Ree8 20. Rd7 b6 21.
Bd6 Rad8 22. Bc7 Rxd7 23. Bxd7 Re7 24. Bxc6 Rxc7 25. Bf3 Rd7 26. Bd5 Re7 27.
Rd1 Re2 28. a4 Bc3 29. Rd3 Be1 30. Rf3 Re7 31. Rd3 Kg7 32. f4 Bb4 33. g4 Bc5+
34. Kg2 Re3 35. Rxe3 Bxe3 36. Kf3 Bc5 37. Ke4 f6 38. Be6 a5 39. h4 h6 40. Kd5
Kf8 41. Kc6 Ke7 42. Bd5 Bf2 43. Be4 g5 44. fxg5 fxg5 45. h5 Be3 46. Bf5 Bf2 47.
Kb5 Kd6 48. b4 axb4 49. Kxb4 Be1+ 50. Kb5 Bf2 51. Bg6 Bg1 52. Bf7 Bf2 53. Ka6
Kc7 54. Be8 Bg1 55. Kb5 Kd6 1/2-1/2

[Event "NB II. Toth Laszlo csoport"]
[Site "Kecskemet"]
[Date "2024.04.21"]
[Round "8.10"]
[White "Szabo, Balazs"]
[Black "Budai, Mate"]
[Result "1-0"]
[WhiteElo "1766"]
[BlackElo "1652"]
[PlyCount "101"]
[EventDate "2023.10.08"]
[EventType "team-tourn"]
[EventRounds "9"]
[EventCountry "HUN"]
[Source "chess.hu"]
[WhiteTeam "Neumann J. Egyetem"]
[BlackTeam "Gyulai SE"]
[WhiteTeamCountry "HUN"]
[BlackTeamCountry "HUN"]

1. e4 e5 2. Nf3 d6 3. Bc4 Be6 4. Bxe6 fxe6 5. O-O Nf6 6. Nc3 Be7 7. d4 exd4 8.
Nxd4 Qd7 9. Qf3 O-O 10. Qh3 e5 11. Nf5 Bd8 12. f3 Nc6 13. Bg5 Kh8 14. Be3 g6
15. Qh6 Rg8 16. Ng3 Qg7 17. Qh3 Qd7 18. Qh4 Nh5 19. Bg5 Bxg5 20. Qxg5 Nf4 21.
Nge2 Nxe2+ 22. Nxe2 Qe7 23. Qe3 Nd8 24. c4 Ne6 25. b4 a5 26. b5 b6 27. a4 Rgf8
28. Nc3 Nd4 29. Ra2 Rf7 30. f4 Raf8 31. Raf2 Qd7 32. fxe5 dxe5 33. Qg5 Rxf2 34.
Qxe5+ Qg7 35. Qxg7+ Kxg7 36. Rxf2 Re8 37. Rd2 Ne6 38. Rd7+ Kh6 39. Kf2 g5 40.
Ke3 Kg6 41. Nd5 Nc5 42. Re7 Rd8 43. Rxc7 Nxa4 44. Rc6+ Kh5 45. Nxb6 Nb2 46. Nd5
a4 47. c5 a3 48. Ra6 Rb8 49. b6 g4 50. Kd4 Kg5 51. Rxa3 1-0

[Event "NB II. Toth Laszlo csoport"]
[Site "Kecskemet"]
[Date "2024.04.21"]
[Round "8.11"]
[White "Major, Peter"]
[Black "Egyed, Endre"]
[Result "1/2-1/2"]
[WhiteElo "1652"]
[BlackElo "1730"]
[PlyCount "33"]
[EventDate "2023.10.08"]
[EventType "team-tourn"]
[EventRounds "9"]
[EventCountry "HUN"]
[Source "chess.hu"]
[WhiteTeam "Gyulai SE"]
[BlackTeam "Neumann J. Egyetem"]
[WhiteTeamCountry "HUN"]
[BlackTeamCountry "HUN"]

1. e4 c5 2. c3 Nf6 3. e5 Nd5 4. Bc4 Nb6 5. Bb3 d6 6. d4 dxe5 7. dxe5 Qc7 8. Nf3
Bg4 9. Bxf7+ Kxf7 10. Ng5+ Kg8 11. Qxg4 Qxe5+ 12. Be3 Nd5 13. Qc4 e6 14. O-O
Bd6 15. Nf3 Nxe3 16. fxe3 Qd5 17. Nbd2 1/2-1/2